000 00839cam a2200169 4500
001 WB3528-51
008 000000n1999 000 0 eng u
035 _a(Sirsi) u102318
245 _aFixed charge receivers.
260 _c1999
490 _aCSM
_bChartered Surveyor Monthly
_v8(11/12) July/August 1999, 10(1)
520 _aThe RICS and the Insolvency Practitioners Association (IPA) have launched a voluntary regulation scheme for fixed charge receivers. The scheme will be regulated by a contract between the individual and the RICS which will issue annual certificates. There will be an additional CPD obligation, and from January 2001 applicants will need to pass an approved examination.
650 _aInsolvency
_96247
650 _aRECEIVERSHIP
690 _aMANAGEMENT-BUSINESS MANAGEMENT-PROFESSIONAL PRACTICE
942 _n0
999 _c61343
_d61343